000 00444nam a2200181Ia 4500
001 1508
005 20260306143733.0
008 260306t2007||||xx |||||||||||||| ||spa||
041 _aESP
082 _a150.7
_bA61
100 _aAnguera Argilaga, Ma. Teresa
_eAUT
245 0 _aMétodos de investigación en psicología
260 _c2007
300 _a606 páginas :
_c23 cm.
650 _aGEN
654 _aCPS
942 _cLIB
_dJUS
_fJUS
_2ddc
_n
999 _c1508
_d1508